[Event "Russian Blitz Championship (m)"]
[Site "Sochi"]
[Date "2022.10.14"]
[Round "13.1"]
[White "Zakhartsov, Vladimir"]
[Black "Pridorozhni, Aleksei"]
[Result "0-1"]
[BlackElo "2581"]
[WhiteElo "2492"]
[LiveChessVersion "1.4.8"]

1. e4 {[%clk 0:03:03]} c5 {[%clk 0:03:03]} 2. Nf3 {[%clk 0:03:04]} e6
{[%clk 0:03:04]} 3. d4 {[%clk 0:03:03]} cxd4 4. Nxd4 {[%clk 0:03:04]} Nf6
{[%clk 0:03:06]} 5. Nc3 {[%clk 0:03:03]} Nc6 {[%clk 0:03:07]} 6. Ndb5
{[%clk 0:03:04]} Bc5 {[%clk 0:03:08]} 7. Bf4 {[%clk 0:03:00]} O-O
{[%clk 0:03:08]} 8. Bc7 {[%clk 0:03:01]} Qe7 {[%clk 0:03:09]} 9. Bd6
{[%clk 0:03:02]} Bxd6 {[%clk 0:03:08]} 10. Qxd6 {[%clk 0:02:51]} Qd8
{[%clk 0:03:04]} 11. Qc7 {[%clk 0:02:37]} a6 {[%clk 0:03:01]} 12. Qxd8
{[%clk 0:02:37]} Rxd8 {[%clk 0:03:01]} 13. Nd6 {[%clk 0:02:37]} Ne8
{[%clk 0:02:55]} 14. Nxe8 {[%clk 0:02:27]} Rxe8 {[%clk 0:02:56]} 15. O-O-O
{[%clk 0:02:16]} b5 {[%clk 0:02:55]} 16. f4 {[%clk 0:02:03]} f6 {[%clk 0:02:51]}
17. g3 {[%clk 0:02:03]} Kf7 {[%clk 0:02:49]} 18. Bg2 {[%clk 0:02:05]} Ke7
{[%clk 0:02:50]} 19. Rhe1 {[%clk 0:02:02]} Bb7 {[%clk 0:02:17]} 20. a4
{[%clk 0:01:59]} bxa4 {[%clk 0:02:08]} 21. Nxa4 {[%clk 0:01:59]} Na5
{[%clk 0:01:24]} 22. Nc5 {[%clk 0:01:51]} Bc6 {[%clk 0:01:25]} 23. Bf1
{[%clk 0:01:47]} Nb7 {[%clk 0:01:14]} 24. Nxa6 {[%clk 0:01:38]} Nd6
{[%clk 0:01:14]} 25. e5 {[%clk 0:01:24]} fxe5 {[%clk 0:01:12]} 26. fxe5
{[%clk 0:01:25]} Nf7 {[%clk 0:01:08]} 27. Re3 {[%clk 0:01:16]} Rec8
{[%clk 0:01:01]} 28. b4 {[%clk 0:01:15]} Bd5 {[%clk 0:00:48]} 29. Nc5
{[%clk 0:01:10]} Rab8 {[%clk 0:00:27]} 30. Rd4 {[%clk 0:00:52]} Bc6
{[%clk 0:00:17]} 31. Be2 {[%clk 0:00:50]} Rb6 {[%clk 0:00:15]} 32. b5
{[%clk 0:00:15]} Bxb5 {[%clk 0:00:09]} 33. Bxb5 {[%clk 0:00:15]} Rxb5
{[%clk 0:00:11]} 34. Nxd7 {[%clk 0:00:09]} Rb7 {[%clk 0:00:09]} 35. Red3
{[%clk 0:00:06]} Rcc7 {[%clk 0:00:10]} 36. Rh4 {[%clk 0:00:04]} h6
{[%clk 0:00:09]} 37. Rg4 Rxd7 {[%clk 0:00:09]} 38. Rxd7+ {[%clk 0:00:06]} Rxd7
{[%clk 0:00:09]} 39. Rxg7 {[%clk 0:00:07]} Rd5 {[%clk 0:00:09]} 40. Kd2
{[%clk 0:00:06]} Rxe5 {[%clk 0:00:10]} 41. Rg8 {[%clk 0:00:06]} Rh5
{[%clk 0:00:10]} 42. h4 {[%clk 0:00:07]} Rd5+ {[%clk 0:00:11]} 43. Ke3
{[%clk 0:00:07]} Ne5 {[%clk 0:00:13]} 44. Rh8 {[%clk 0:00:05]} Ng4+
{[%clk 0:00:13]} 45. Kf4 {[%clk 0:00:05]} h5 {[%clk 0:00:13]} 46. c4
{[%clk 0:00:05]} Rc5 {[%clk 0:00:13]} 47. Kf3 {[%clk 0:00:05]} Nf6
{[%clk 0:00:13]} 48. Ra8 {[%clk 0:00:04]} Rxc4 {[%clk 0:00:14]} 49. Ra7+
{[%clk 0:00:05]} Kd6 {[%clk 0:00:15]} 50. Ra6+ {[%clk 0:00:07]} Rc6
{[%clk 0:00:17]} 51. Ra8 {[%clk 0:00:08]} Rc5 {[%clk 0:00:16]} 52. Ra6+
{[%clk 0:00:09]} Ke5 {[%clk 0:00:17]} 53. Ra3 {[%clk 0:00:09]} Kf5
{[%clk 0:00:18]} 54. Kg2 {[%clk 0:00:08]} e5 {[%clk 0:00:20]} 55. Rf3+
{[%clk 0:00:09]} Ke6 {[%clk 0:00:21]} 56. Ra3 {[%clk 0:00:10]} Rc2+
{[%clk 0:00:20]} 57. Kf3 {[%clk 0:00:10]} Kf5 {[%clk 0:00:21]} 58. Ra7
{[%clk 0:00:07]} Rc3+ {[%clk 0:00:22]} 59. Kg2 {[%clk 0:00:08]} Ng4
{[%clk 0:00:21]} 60. Rg7 {[%clk 0:00:06]} Rc2+ {[%clk 0:00:22]} 61. Kg1
{[%clk 0:00:06]} Ke4 {[%clk 0:00:21]} 62. Rf7 {[%clk 0:00:06]} Ne3
{[%clk 0:00:20]} 63. Rf8 {[%clk 0:00:06]} Rg2+ {[%clk 0:00:20]} 64. Kh1
{[%clk 0:00:06]} Rxg3 {[%clk 0:00:21]} 65. Kh2 {[%clk 0:00:07]} Rf3
{[%clk 0:00:20]} 66. Rh8 {[%clk 0:00:08]} Ng4+ {[%clk 0:00:20]} 67. Kg2
{[%clk 0:00:09]} Rf5 {[%clk 0:00:21]} 68. Kg3 {[%clk 0:00:10]} Ne3
{[%clk 0:00:20]} 69. Ra8 {[%clk 0:00:10]} Rf3+ 70. Kh2 Nf5 {[%clk 0:00:20]} 71.
Rh8 {[%clk 0:00:11]} Rf4 {[%clk 0:00:21]} 72. Ra8 {[%clk 0:00:09]} Rxh4+ 73. Kg2
Rg4+ {[%clk 0:00:22]} 74. Kh3 {[%clk 0:00:12]} Rg3+ {[%clk 0:00:22]} 75. Kh2
{[%clk 0:00:13]} Rd3 {[%clk 0:00:22]} 76. Ra4+ {[%clk 0:00:14]} Nd4
{[%clk 0:00:23]} 77. Ra1 {[%clk 0:00:14]} h4 {[%clk 0:00:24]} 78. Re1+
{[%clk 0:00:15]} Re3 {[%clk 0:00:25]} 79. Ra1 {[%clk 0:00:16]} Kf3
{[%clk 0:00:25]} 80. Rf1+ {[%clk 0:00:17]} Ke2 {[%clk 0:00:26]} 81. Rf8
{[%clk 0:00:17]} e4 {[%clk 0:00:27]} 82. Rf4 {[%clk 0:00:16]} Kd3
{[%clk 0:00:27]} 83. Kg2 {[%clk 0:00:15]} h3+ {[%clk 0:00:28]} 84. Kh2
{[%clk 0:00:16]} Rf3 {[%clk 0:00:29]} 85. Rg4 {[%clk 0:00:16]} e3
{[%clk 0:00:30]} 0-1

[Event "Russian Blitz Championship (m)"]
[Site "Sochi"]
[Date "2022.10.14"]
[Round "13.2"]
[White "Savchenko, Boris"]
[Black "Artemiev, Vladislav"]
[Result "1/2-1/2"]
[BlackElo "2832"]
[WhiteElo "2530"]
[LiveChessVersion "1.4.8"]

1. c4 {[%clk 0:03:02]} e6 {[%clk 0:02:58]} 2. g3 {[%clk 0:03:02]} d5
{[%clk 0:02:58]} 3. Bg2 {[%clk 0:03:03]} Nf6 {[%clk 0:02:59]} 4. Nf3
{[%clk 0:03:04]} Be7 {[%clk 0:02:59]} 5. O-O {[%clk 0:03:03]} O-O
{[%clk 0:02:59]} 6. b3 {[%clk 0:03:04]} b6 {[%clk 0:02:47]} 7. Bb2
{[%clk 0:03:02]} Bb7 {[%clk 0:02:48]} 8. e3 {[%clk 0:03:01]} c5 {[%clk 0:02:48]}
9. Nc3 {[%clk 0:02:55]} Qc8 {[%clk 0:02:49]} 10. Qe2 {[%clk 0:02:50]} Rd8
{[%clk 0:02:49]} 11. d3 {[%clk 0:02:45]} Nc6 {[%clk 0:02:43]} 12. Rfe1
{[%clk 0:02:39]} Qc7 {[%clk 0:01:53]} 13. Rac1 {[%clk 0:02:34]} dxc4
{[%clk 0:01:52]} 14. bxc4 {[%clk 0:02:22]} Rac8 {[%clk 0:01:50]} 15. Nb5
{[%clk 0:02:17]} Qb8 {[%clk 0:01:51]} 16. Red1 {[%clk 0:02:17]} Qa8
{[%clk 0:01:41]} 17. a3 {[%clk 0:02:04]} Ne8 {[%clk 0:00:59]} 18. h3
{[%clk 0:01:50]} Bf6 {[%clk 0:00:52]} 19. Ne1 {[%clk 0:01:28]} Bxb2
{[%clk 0:00:49]} 20. Qxb2 {[%clk 0:01:28]} Nf6 {[%clk 0:00:49]} 21. g4
{[%clk 0:01:21]} Ne7 {[%clk 0:00:48]} 22. f4 {[%clk 0:01:17]} Ng6
{[%clk 0:00:41]} 23. Qf2 {[%clk 0:01:13]} Qb8 {[%clk 0:00:27]} 24. Nc3
{[%clk 0:01:07]} Rd7 {[%clk 0:00:26]} 25. Rc2 {[%clk 0:01:01]} Rcd8
{[%clk 0:00:27]} 26. Rcd2 {[%clk 0:01:01]} h6 {[%clk 0:00:15]} 27. a4
{[%clk 0:00:50]} Qa8 {[%clk 0:00:12]} 28. Nf3 {[%clk 0:00:46]} Qb8
{[%clk 0:00:13]} 29. Ne1 {[%clk 0:00:25]} Qc8 {[%clk 0:00:10]} 30. Kh2
{[%clk 0:00:21]} Bxg2 {[%clk 0:00:08]} 31. Nxg2 {[%clk 0:00:20]} Qc7
{[%clk 0:00:07]} 32. Kg1 {[%clk 0:00:20]} Ne7 {[%clk 0:00:07]} 33. Ne1
{[%clk 0:00:19]} Nc6 {[%clk 0:00:09]} 34. Nf3 {[%clk 0:00:18]} Re7
{[%clk 0:00:06]} 35. Nb5 {[%clk 0:00:16]} Qb7 {[%clk 0:00:07]} 36. Qg2
{[%clk 0:00:16]} Nb4 {[%clk 0:00:08]} 37. Ne5 {[%clk 0:00:16]} Qxg2+
{[%clk 0:00:08]} 38. Kxg2 {[%clk 0:00:17]} Nd7 {[%clk 0:00:07]} 39. Nf3
{[%clk 0:00:17]} Nb8 {[%clk 0:00:07]} 40. d4 {[%clk 0:00:17]} cxd4
{[%clk 0:00:08]} 41. Rxd4 {[%clk 0:00:18]} Rxd4 {[%clk 0:00:08]} 42. Rxd4
{[%clk 0:00:18]} N8c6 {[%clk 0:00:08]} 43. Rd6 {[%clk 0:00:18]} f6
{[%clk 0:00:08]} 44. Nfd4 {[%clk 0:00:18]} Nxd4 {[%clk 0:00:07]} 45. exd4
{[%clk 0:00:19]} Kf7 {[%clk 0:00:06]} 46. Kf3 {[%clk 0:00:18]} g5
{[%clk 0:00:05]} 47. Rd8 {[%clk 0:00:18]} gxf4 {[%clk 0:00:05]} 48. Kxf4
{[%clk 0:00:18]} e5+ {[%clk 0:00:05]} 49. dxe5 {[%clk 0:00:17]} Rxe5
{[%clk 0:00:06]} 50. Rd7+ {[%clk 0:00:15]} Kg8 {[%clk 0:00:03]} 51. Rxa7
{[%clk 0:00:14]} Nd3+ {[%clk 0:00:05]} 52. Kf3 {[%clk 0:00:15]} Rc5
{[%clk 0:00:04]} 53. Ke4 {[%clk 0:00:15]} Nb2 {[%clk 0:00:05]} 54. Nd4
{[%clk 0:00:13]} Rxc4 {[%clk 0:00:06]} 55. Kd5 {[%clk 0:00:15]} Rxa4
{[%clk 0:00:07]} 56. Rb7 {[%clk 0:00:15]} Nd3 {[%clk 0:00:05]} 57. Nf5
{[%clk 0:00:15]} Nf4+ {[%clk 0:00:06]} 58. Kd6 {[%clk 0:00:16]} Nxh3
{[%clk 0:00:05]} 59. Nxh6+ {[%clk 0:00:16]} Kf8 {[%clk 0:00:05]} 60. Rf7+
{[%clk 0:00:16]} Ke8 {[%clk 0:00:06]} 61. Re7+ {[%clk 0:00:16]} Kf8
{[%clk 0:00:07]} 62. Rb7 {[%clk 0:00:15]} Ng5 {[%clk 0:00:07]} 63. Rxb6
{[%clk 0:00:11]} Kg7 {[%clk 0:00:06]} 64. Nf5+ {[%clk 0:00:12]} Kg6
{[%clk 0:00:08]} 65. Rb7 {[%clk 0:00:12]} Rxg4 {[%clk 0:00:08]} 66. Ne7+
{[%clk 0:00:12]} Kh5 {[%clk 0:00:10]} 67. Nd5 {[%clk 0:00:13]} Ne4+
{[%clk 0:00:04]} 68. Ke6 {[%clk 0:00:13]} Nc5+ {[%clk 0:00:05]} 69. Kf7
{[%clk 0:00:14]} Nxb7 {[%clk 0:00:03]} 70. Nxf6+ {[%clk 0:00:15]} Kg5
{[%clk 0:00:04]} 71. Nxg4 {[%clk 0:00:16]} 1/2-1/2

[Event "Russian Blitz Championship (m)"]
[Site "Sochi"]
[Date "2022.10.14"]
[Round "13.3"]
[White "Dobrov, Vladimir"]
[Black "Triapishko, Alexandr"]
[Result "1/2-1/2"]
[BlackElo "2479"]
[WhiteElo "2575"]
[LiveChessVersion "1.4.8"]

1. Nf3 {[%clk 0:03:03]} Nf6 {[%clk 0:03:02]} 2. g3 {[%clk 0:03:04]} g6
{[%clk 0:03:03]} 3. b3 {[%clk 0:03:06]} b6 {[%clk 0:03:01]} 4. Bb2
{[%clk 0:03:06]} Bg7 {[%clk 0:03:01]} 5. Bg2 {[%clk 0:03:07]} Bb7
{[%clk 0:03:03]} 6. O-O {[%clk 0:03:07]} O-O {[%clk 0:03:03]} 7. c4
{[%clk 0:03:07]} c5 {[%clk 0:03:03]} 8. e3 {[%clk 0:03:04]} e6 {[%clk 0:02:33]}
9. Nc3 {[%clk 0:02:41]} d5 {[%clk 0:02:22]} 10. cxd5 {[%clk 0:02:26]} Nxd5
{[%clk 0:02:22]} 11. d4 {[%clk 0:02:19]} Na6 {[%clk 0:01:49]} 12. Qe2
{[%clk 0:02:14]} cxd4 {[%clk 0:01:18]} 13. Nxd4 {[%clk 0:02:10]} Bxd4
{[%clk 0:00:54]} 14. exd4 {[%clk 0:02:08]} Nxc3 {[%clk 0:00:54]} 15. Bxc3
{[%clk 0:02:09]} Bxg2 {[%clk 0:00:54]} 16. Kxg2 {[%clk 0:02:10]} 1/2-1/2

[Event "Russian Blitz Championship (m)"]
[Site "Sochi"]
[Date "2022.10.14"]
[Round "13.4"]
[White "Kezin, Roman"]
[Black "Smirnov, Pavel"]
[Result "1/2-1/2"]
[BlackElo "2467"]
[WhiteElo "2503"]
[LiveChessVersion "1.4.8"]

1. d4 {[%clk 0:03:03]} Nf6 {[%clk 0:03:02]} 2. c4 {[%clk 0:03:05]} e6
{[%clk 0:03:03]} 3. g3 {[%clk 0:03:06]} d5 {[%clk 0:03:04]} 4. Bg2
{[%clk 0:03:07]} Be7 {[%clk 0:03:05]} 5. Nf3 {[%clk 0:03:08]} O-O
{[%clk 0:03:05]} 6. O-O {[%clk 0:03:09]} c6 {[%clk 0:03:06]} 7. Qc2
{[%clk 0:03:09]} b6 {[%clk 0:03:07]} 8. Nbd2 {[%clk 0:03:10]} Bb7
{[%clk 0:03:08]} 9. e4 {[%clk 0:03:11]} Na6 {[%clk 0:03:09]} 10. a3
{[%clk 0:03:11]} c5 {[%clk 0:03:02]} 11. exd5 {[%clk 0:03:12]} exd5
{[%clk 0:03:02]} 12. dxc5 {[%clk 0:03:13]} Nxc5 {[%clk 0:03:02]} 13. b4
{[%clk 0:03:15]} Nce4 {[%clk 0:03:02]} 14. Bb2 {[%clk 0:03:07]} Rc8
{[%clk 0:02:54]} 15. Rac1 {[%clk 0:02:04]} dxc4 {[%clk 0:02:50]} 16. Rfd1
{[%clk 0:01:45]} c3 {[%clk 0:02:08]} 17. Nxe4 {[%clk 0:01:44]} cxb2
{[%clk 0:02:03]} 18. Qxb2 {[%clk 0:01:36]} Rxc1 {[%clk 0:01:51]} 19. Qxc1
{[%clk 0:01:30]} Qa8 {[%clk 0:01:52]} 20. Nxf6+ {[%clk 0:01:20]} Bxf6
{[%clk 0:01:53]} 21. Ne1 {[%clk 0:01:18]} Rc8 {[%clk 0:01:30]} 22. Qf4
{[%clk 0:01:02]} h6 {[%clk 0:01:28]} 23. h4 {[%clk 0:00:38]} a5 {[%clk 0:01:18]}
24. b5 {[%clk 0:00:26]} Rc5 {[%clk 0:00:54]} 25. a4 {[%clk 0:00:25]} Qc8
{[%clk 0:00:54]} 26. Bxb7 {[%clk 0:00:21]} Qxb7 {[%clk 0:00:55]} 27. Ng2
{[%clk 0:00:20]} Qc7 {[%clk 0:00:28]} 28. Qxc7 {[%clk 0:00:11]} Rxc7
{[%clk 0:00:29]} 29. Ne3 {[%clk 0:00:13]} Rc8 {[%clk 0:00:13]} 30. Rd6
{[%clk 0:00:12]} Rc1+ {[%clk 0:00:12]} 31. Kg2 {[%clk 0:00:13]} Ra1
{[%clk 0:00:13]} 32. Rxb6 {[%clk 0:00:05]} Rxa4 {[%clk 0:00:14]} 33. Ra6
{[%clk 0:00:06]} Bd4 {[%clk 0:00:12]} 34. b6 {[%clk 0:00:06]} Rb4
{[%clk 0:00:12]} 35. Nd5 {[%clk 0:00:07]} Rb5 {[%clk 0:00:12]} 36. Nc7
{[%clk 0:00:03]} Rxb6 {[%clk 0:00:06]} 37. Rxa5 Rb2 {[%clk 0:00:07]} 38. Rf5
{[%clk 0:00:05]} g6 {[%clk 0:00:07]} 39. Rf3 {[%clk 0:00:06]} Be5
{[%clk 0:00:07]} 1/2-1/2

[Event "Russian Blitz Championship (m)"]
[Site "Sochi"]
[Date "2022.10.14"]
[Round "13.5"]
[White "Chigaev, Maksim"]
[Black "Tomashevsky, Evgeny"]
[Result "0-1"]
[BlackElo "2695"]
[WhiteElo "2537"]
[LiveChessVersion "1.4.8"]

1. Nf3 {[%clk 0:03:01]} d5 {[%clk 0:03:03]} 2. c4 {[%clk 0:03:02]} d4
{[%clk 0:03:03]} 3. b4 {[%clk 0:03:03]} c5 {[%clk 0:03:04]} 4. g3
{[%clk 0:03:01]} Nf6 {[%clk 0:02:41]} 5. Bg2 {[%clk 0:03:00]} cxb4
{[%clk 0:02:40]} 6. a3 {[%clk 0:02:57]} b3 {[%clk 0:02:31]} 7. O-O
{[%clk 0:02:39]} Nc6 {[%clk 0:02:32]} 8. Qxb3 {[%clk 0:02:22]} e5
{[%clk 0:02:27]} 9. d3 {[%clk 0:02:22]} Be7 {[%clk 0:02:20]} 10. a4
{[%clk 0:02:12]} O-O {[%clk 0:02:09]} 11. Ba3 {[%clk 0:02:13]} Rb8
{[%clk 0:01:54]} 12. Nbd2 {[%clk 0:02:07]} h6 {[%clk 0:01:50]} 13. a5
{[%clk 0:01:51]} Bf5 {[%clk 0:01:48]} 14. Bxe7 {[%clk 0:01:44]} Qxe7
{[%clk 0:01:49]} 15. Qa3 {[%clk 0:01:39]} Qc7 {[%clk 0:01:49]} 16. Nb3
{[%clk 0:01:20]} Rfe8 {[%clk 0:01:49]} 17. Nc5 {[%clk 0:00:42]} e4
{[%clk 0:01:43]} 18. Nd2 {[%clk 0:00:39]} exd3 {[%clk 0:01:31]} 19. exd3
{[%clk 0:00:39]} Re2 {[%clk 0:01:04]} 20. Ndb3 {[%clk 0:00:29]} Rd8
{[%clk 0:00:45]} 21. Rfe1 {[%clk 0:00:13]} Rxe1+ {[%clk 0:00:42]} 22. Rxe1
{[%clk 0:00:14]} Ne5 {[%clk 0:00:35]} 23. Nxb7 {[%clk 0:00:11]} Nxd3
{[%clk 0:00:36]} 24. Re7 {[%clk 0:00:08]} Rd7 {[%clk 0:00:37]} 25. Rxd7
{[%clk 0:00:07]} Qxd7 {[%clk 0:00:36]} 26. Qa1 {[%clk 0:00:04]} Ng4
{[%clk 0:00:08]} 27. Qxd4 {[%clk 0:00:05]} Qa4 {[%clk 0:00:10]} 28. h3
{[%clk 0:00:06]} Ngxf2 {[%clk 0:00:10]} 29. N7c5 {[%clk 0:00:07]} Qa2
{[%clk 0:00:10]} 30. Nxd3 {[%clk 0:00:07]} Nxd3 {[%clk 0:00:11]} 31. g4
{[%clk 0:00:04]} Bg6 {[%clk 0:00:12]} 0-1

[Event "Russian Blitz Championship (m)"]
[Site "Sochi"]
[Date "2022.10.14"]
[Round "13.6"]
[White "Bocharov, Dmitry"]
[Black "Timofeev, Artyom"]
[Result "0-1"]
[BlackElo "2579"]
[WhiteElo "2484"]
[LiveChessVersion "1.4.8"]

1. Nf3 {[%clk 0:03:01]} c5 {[%clk 0:02:58]} 2. c4 {[%clk 0:02:57]} Nf6
{[%clk 0:02:54]} 3. Nc3 {[%clk 0:02:48]} g6 {[%clk 0:02:42]} 4. e4
{[%clk 0:02:32]} d6 {[%clk 0:02:25]} 5. d4 {[%clk 0:02:32]} cxd4 {[%clk 0:02:25]}
6. Nxd4 {[%clk 0:02:32]} Bg7 {[%clk 0:02:25]} 7. Be2 {[%clk 0:02:33]} O-O
{[%clk 0:02:21]} 8. O-O {[%clk 0:02:32]} Nc6 {[%clk 0:02:19]} 9. Nc2
{[%clk 0:02:31]} b6 {[%clk 0:02:14]} 10. Be3 {[%clk 0:02:15]} Bb7
{[%clk 0:02:14]} 11. Qd2 {[%clk 0:02:11]} Nd7 {[%clk 0:02:11]} 12. Bh6
{[%clk 0:01:52]} Rc8 {[%clk 0:02:09]} 13. Bxg7 {[%clk 0:01:49]} Kxg7
{[%clk 0:02:09]} 14. b3 {[%clk 0:01:49]} Nf6 {[%clk 0:01:46]} 15. Rac1
{[%clk 0:01:43]} Ne5 {[%clk 0:01:44]} 16. f3 {[%clk 0:01:38]} Qc7
{[%clk 0:01:42]} 17. Kh1 {[%clk 0:01:33]} a6 {[%clk 0:01:38]} 18. Nd4
{[%clk 0:01:24]} e6 {[%clk 0:01:31]} 19. Na4 {[%clk 0:01:03]} Rfd8
{[%clk 0:01:23]} 20. Rfd1 {[%clk 0:01:03]} Ned7 {[%clk 0:01:18]} 21. Qb2
{[%clk 0:01:00]} Nc5 {[%clk 0:01:14]} 22. Nc3 {[%clk 0:00:59]} Qe7
{[%clk 0:01:09]} 23. Rd2 {[%clk 0:00:51]} Rd7 {[%clk 0:00:58]} 24. b4
{[%clk 0:00:40]} e5 {[%clk 0:00:58]} 25. Nb3 {[%clk 0:00:25]} Ne6
{[%clk 0:00:52]} 26. Bf1 {[%clk 0:00:21]} Rdc7 {[%clk 0:00:48]} 27. Rdc2
{[%clk 0:00:19]} h5 {[%clk 0:00:46]} 28. Nd5 {[%clk 0:00:17]} Nxd5
{[%clk 0:00:41]} 29. cxd5 {[%clk 0:00:17]} Ng5 {[%clk 0:00:24]} 30. Rxc7
{[%clk 0:00:14]} Rxc7 {[%clk 0:00:25]} 31. Rxc7 {[%clk 0:00:14]} Qxc7
{[%clk 0:00:26]} 32. Qc1 {[%clk 0:00:15]} Qe7 {[%clk 0:00:24]} 33. Qe3
{[%clk 0:00:15]} Qd8 {[%clk 0:00:24]} 34. Be2 {[%clk 0:00:12]} Nh7
{[%clk 0:00:23]} 35. a4 {[%clk 0:00:12]} Nf6 {[%clk 0:00:20]} 36. a5
{[%clk 0:00:13]} b5 {[%clk 0:00:18]} 37. Qc3 {[%clk 0:00:11]} Nd7
{[%clk 0:00:15]} 38. Kg1 {[%clk 0:00:11]} f5 {[%clk 0:00:14]} 39. g3
{[%clk 0:00:08]} Nf6 {[%clk 0:00:14]} 40. Bd3 {[%clk 0:00:08]} fxe4
{[%clk 0:00:13]} 41. fxe4 {[%clk 0:00:09]} Qb8 {[%clk 0:00:13]} 42. Qe1
{[%clk 0:00:07]} Ng4 {[%clk 0:00:13]} 43. h3 {[%clk 0:00:07]} Qa7+
{[%clk 0:00:14]} 44. Kg2 {[%clk 0:00:08]} Nf6 {[%clk 0:00:12]} 45. Qf2
{[%clk 0:00:08]} Qb8 {[%clk 0:00:13]} 46. Qb6 {[%clk 0:00:07]} Nd7
{[%clk 0:00:14]} 47. Qe3 {[%clk 0:00:08]} Qc7 {[%clk 0:00:15]} 48. Qd2
{[%clk 0:00:08]} Nf6 {[%clk 0:00:15]} 49. Kf2 {[%clk 0:00:09]} Qf7
{[%clk 0:00:15]} 50. Kg2 {[%clk 0:00:10]} Nxd5 {[%clk 0:00:15]} 51. Bc2
{[%clk 0:00:08]} Qe6 {[%clk 0:00:11]} 52. exd5 {[%clk 0:00:08]} Bxd5+
{[%clk 0:00:12]} 53. Kf2 {[%clk 0:00:09]} Bxb3 {[%clk 0:00:13]} 54. Bxb3
{[%clk 0:00:10]} Qxb3 {[%clk 0:00:14]} 55. Qxd6 {[%clk 0:00:11]} Qc2+
{[%clk 0:00:10]} 56. Ke3 {[%clk 0:00:12]} Qc3+ {[%clk 0:00:10]} 57. Ke4
{[%clk 0:00:13]} Qxg3 {[%clk 0:00:10]} 58. Qxa6 {[%clk 0:00:10]} Qf4+
{[%clk 0:00:11]} 59. Kd5 {[%clk 0:00:11]} Qd4+ {[%clk 0:00:11]} 60. Ke6
{[%clk 0:00:11]} e4 {[%clk 0:00:09]} 61. Qb7+ {[%clk 0:00:11]} Kh6
{[%clk 0:00:10]} 62. Qe7 0-1

[Event "Russian Blitz Championship (m)"]
[Site "Sochi"]
[Date "2022.10.14"]
[Round "13.7"]
[White "Faizrakhmanov, Ramil"]
[Black "Grachev, Boris"]
[Result "1/2-1/2"]
[BlackElo "2565"]
[WhiteElo "2421"]
[LiveChessVersion "1.4.8"]

1. d4 {[%clk 0:03:03]} d5 {[%clk 0:03:03]} 2. c4 {[%clk 0:03:04]} e6
{[%clk 0:03:04]} 3. Nf3 {[%clk 0:03:05]} Nf6 {[%clk 0:03:06]} 4. Nc3
{[%clk 0:03:06]} Nbd7 {[%clk 0:03:07]} 5. Bf4 {[%clk 0:03:07]} dxc4
{[%clk 0:03:03]} 6. e3 {[%clk 0:03:08]} Nb6 {[%clk 0:03:00]} 7. Bxc4
{[%clk 0:03:07]} Nxc4 {[%clk 0:02:59]} 8. Qa4+ {[%clk 0:03:08]} c6
{[%clk 0:02:58]} 9. Qxc4 {[%clk 0:03:08]} Nd5 {[%clk 0:02:57]} 10. Bg3
{[%clk 0:03:07]} Qb6 {[%clk 0:02:50]} 11. Qe2 {[%clk 0:03:07]} Be7
{[%clk 0:02:24]} 12. O-O {[%clk 0:03:05]} O-O {[%clk 0:02:24]} 13. Rac1
{[%clk 0:02:52]} Rd8 {[%clk 0:02:14]} 14. Ne5 {[%clk 0:02:40]} Bd7
{[%clk 0:02:06]} 15. Ne4 {[%clk 0:02:32]} Be8 {[%clk 0:02:05]} 16. Nc5
{[%clk 0:02:29]} a5 {[%clk 0:01:34]} 17. a3 {[%clk 0:02:27]} Bxc5
{[%clk 0:01:29]} 18. dxc5 {[%clk 0:02:21]} Qb3 {[%clk 0:01:19]} 19. Nc4
{[%clk 0:02:17]} f5 {[%clk 0:00:58]} 20. e4 {[%clk 0:01:55]} fxe4
{[%clk 0:00:55]} 21. Qxe4 {[%clk 0:01:56]} Nf6 {[%clk 0:00:53]} 22. Qe2
{[%clk 0:01:31]} Bg6 {[%clk 0:00:51]} 23. Rc3 {[%clk 0:01:31]} Qb5
{[%clk 0:00:53]} 24. a4 {[%clk 0:00:26]} Qxc5 {[%clk 0:00:50]} 25. Nd6
{[%clk 0:00:25]} Qh5 {[%clk 0:00:41]} 26. Qxh5 {[%clk 0:00:16]} Nxh5
{[%clk 0:00:29]} 27. Nxb7 {[%clk 0:00:15]} Nxg3 {[%clk 0:00:28]} 28. hxg3
{[%clk 0:00:15]} Rd2 {[%clk 0:00:29]} 29. b3 {[%clk 0:00:13]} Rf8
{[%clk 0:00:12]} 30. Nc5 {[%clk 0:00:10]} e5 {[%clk 0:00:11]} 31. f3
{[%clk 0:00:10]} Rfd8 {[%clk 0:00:09]} 32. Rf2 {[%clk 0:00:11]} Rd1+
{[%clk 0:00:10]} 33. Rf1 {[%clk 0:00:12]} R1d2 {[%clk 0:00:11]} 34. Nb7
{[%clk 0:00:12]} R8d5 {[%clk 0:00:10]} 35. Rxc6 {[%clk 0:00:12]} Rb2
{[%clk 0:00:09]} 36. Nd6 {[%clk 0:00:10]} Kf8 {[%clk 0:00:04]} 37. Nc4
{[%clk 0:00:08]} Rxb3 {[%clk 0:00:04]} 38. Re1 {[%clk 0:00:09]} Rc3
{[%clk 0:00:04]} 39. Rc8+ {[%clk 0:00:09]} Ke7 {[%clk 0:00:04]} 40. Nb6
{[%clk 0:00:07]} Rxc8 {[%clk 0:00:05]} 41. Nxd5+ {[%clk 0:00:08]} Kd6
{[%clk 0:00:07]} 42. Ne3 {[%clk 0:00:06]} Rc3 {[%clk 0:00:08]} 43. Ng4
{[%clk 0:00:07]} Rc5 {[%clk 0:00:08]} 44. Rd1+ {[%clk 0:00:08]} Kc6
{[%clk 0:00:09]} 45. Re1 {[%clk 0:00:09]} Kd6 {[%clk 0:00:09]} 46. Rd1+
{[%clk 0:00:11]} Rd5 {[%clk 0:00:08]} 47. Rc1 {[%clk 0:00:11]} Rd4
{[%clk 0:00:09]} 48. Re1 {[%clk 0:00:12]} e4 {[%clk 0:00:09]} 49. fxe4
{[%clk 0:00:12]} Rxe4 {[%clk 0:00:08]} 50. Rd1+ {[%clk 0:00:13]} Kc5
{[%clk 0:00:10]} 51. Nf2 {[%clk 0:00:13]} Rxa4 {[%clk 0:00:11]} 52. Rd7
{[%clk 0:00:14]} Ra1+ {[%clk 0:00:08]} 53. Kh2 {[%clk 0:00:16]} Ra2
{[%clk 0:00:09]} 54. Ng4 {[%clk 0:00:15]} Be4 {[%clk 0:00:05]} 55. Rxg7
{[%clk 0:00:12]} a4 {[%clk 0:00:06]} 56. Ne3 {[%clk 0:00:11]} Kd4
{[%clk 0:00:07]} 57. Ng4 {[%clk 0:00:06]} Rxg2+ {[%clk 0:00:07]} 58. Kh3
{[%clk 0:00:08]} Rg1 {[%clk 0:00:07]} 59. Nf2 {[%clk 0:00:07]} Bg6
{[%clk 0:00:05]} 60. Ra7 {[%clk 0:00:08]} Ra1 {[%clk 0:00:06]} 61. Ng4
{[%clk 0:00:05]} a3 {[%clk 0:00:07]} 62. Kh4 {[%clk 0:00:06]} Bf5
{[%clk 0:00:06]} 63. Nf6 {[%clk 0:00:06]} Bd3 {[%clk 0:00:04]} 64. Kg5
{[%clk 0:00:06]} Kc4 {[%clk 0:00:05]} 65. Nxh7 {[%clk 0:00:06]} a2
{[%clk 0:00:04]} 66. Nf6 {[%clk 0:00:06]} Kb3 {[%clk 0:00:06]} 67. Nd5
{[%clk 0:00:06]} Rg1 {[%clk 0:00:06]} 68. Nb4 {[%clk 0:00:06]} Rxg3+
{[%clk 0:00:04]} 69. Kf4 {[%clk 0:00:07]} Rh3 {[%clk 0:00:05]} 70. Nxa2
{[%clk 0:00:08]} Bc4 {[%clk 0:00:05]} 71. Nc1+ {[%clk 0:00:09]} Kc2
{[%clk 0:00:06]} 72. Rc7 {[%clk 0:00:10]} Rc3 {[%clk 0:00:05]} 73. Ne2
{[%clk 0:00:10]} Bxe2 {[%clk 0:00:05]} 74. Rxc3+ {[%clk 0:00:11]} Kxc3 75. Ke4
1/2-1/2